000 00455nam a22001817a 4500
003 CEME
005 20210628205024.0
008 210222b xxu||||| |||| 00| 0 eng d
020 _a0-86720-4974
040 _c.
082 _a004.01 HEI'T
100 _aHein, James L
_936549
245 _aTheory of computation an introduction
260 _aLONDON
_bJONES AND BARTLETT
_c1996
300 _a572P
650 _aMACHINE THEORY
_918056
942 _cBK
_2ddc
999 _c579199
_d579199